| 000 | 01018cam a2200301 i 4500 | ||
|---|---|---|---|
| 999 |
_c40470 _d40470 |
||
| 001 | 40470 | ||
| 003 | Mx-PuUPA | ||
| 005 | 20210601112457.0 | ||
| 008 | 140415s2012 uk a gr 001 0 eng d | ||
| 020 | _a9781909221246 | ||
| 040 |
_aMx-PuUPA _bspa _cMx-PuUPA _dMx-PuUPA _erda |
||
| 041 | 0 | _aeng | |
| 245 | 0 | 0 |
_aSherloc : _bthe hounds of baskerville. |
| 264 | 1 |
_aLondon : _bScholastic, _c2012 |
|
| 300 |
_a64 páginas : _bilustraciones ; _c20 cm |
||
| 336 |
_2rdacontent _atexto _btxt |
||
| 337 |
_2rdamedia _asin medio _bn |
||
| 338 |
_2rdacarrier _avolumen _bnc |
||
| 600 | 1 | 4 |
_aHolmes, Sherlock _xNovela |
| 600 | 1 | 4 |
_aWatson, John H. (Personaje ficticio) _xNovela |
| 650 | 4 | _aNovela inglesa | |
| 775 |
_iAdaptada de la (obra) _aGatiss, Mark, _tThe hounds of basderville |
||
| 775 |
_iBasada de la (obra) _aDoyle, Conan, Arthur, _tThe hound of the baskervilles |
||
| 942 |
_2ddc _cBK _h823 _iS5395 |
||